Em busca de um sonho (Record no. 150984)

MARC details
000 -LÍDER
campo de controle de tamanho fixo 00353 a2200157 4500
001 - NÚMERO DE CONTROLE
campo de controle 150984
040 ## - FONTE DA CATALOGAÇÃO
Instituição que transcreveu o registro Escola São Tomás de Aquino
100 ## - ENTRADA PRINCIPAL--NOME PESSOAL
Nome pessoal CARRASCO, Walcyr
240 10 - TÍTULO UNIFORME
Título uniforme Em busca de um sonho
Idioma da obra por
245 10 - TÍTULO
Título Em busca de um sonho
300 ## - DESCRIÇÃO FÍSICA
Extensão 160
362 0# - DATAS DE PUBLICAÇÃO E/OU DESIGNAÇÃO SEQUENCIAL
Datas de publicação e/ou designação sequencial 2007
440 #1 - DECLARAÇÃO DE SÉRIE/ENTRADA ADICIONADA--TÍTULO
Título Moderna
697 ## - ENTRADA DE ASSUNTO LOCAL--ENTIDADE COLETIVA (RLIN)
Nome corporativo ou nome da jurisdição *LITERATURA JUVENIL
942 ## - ELEMENTOS DE ENTRADA ADICIONADOS (KOHA)
Tipo de material Koha Livros
Holdings
Situação do descarte Situação das perdas Situação física Não pode ser emprestado Biblioteca de origem Biblioteca atual Data de aquisição Total de empréstimos Número de chamada completo Código de barras Data de último acesso Data do preço efetivo Tipo de material Koha Fonte da classificação ou esquema de arquivamento na estante Nota pública
        ESTA - SÃO BENTO ESTA - SÃO BENTO 30/04/2024   028.54 CAR EMB EST00005011 30/04/2024 30/04/2024 Livros    
        Novo Tempo - Aureliano São José Novo Tempo - Aureliano São José 11/07/2024     fm61 11/07/2024 11/07/2024 Livros Classificação Decimal de Dewey FD2/EM
        Novo Tempo - Aureliano São José Novo Tempo - Aureliano São José 15/07/2024     fm306 15/07/2024 15/07/2024 Livros Classificação Decimal de Dewey FD2/EM